000 00736nam2a22002051 4500
001 RU\NLR\A1SV\77521
005 20251203152403.2
035 _a(NLR Aleph) 009758993
090 _a13483035
_c13483035
100 _a20070302d1925 u y0rusy50 ca
101 0 _arus
200 0 _aВып.4
215 _a97-128 с.
_cил.
461 1 _1001RU\NLR\A1SV\77517
_12000#$aАзбука кооперации$vВып.4
_1700#1$aЛинтварев$bВ.С.$f1892-$gВладимир Сергеевич
_910010879
_aЛинтварев, В.С. (1892-)
_cМ.
_d1925
_nЦентросоюз
_tАзбука кооперации
_vВып.4
801 0 _aRU
_bNLR
_c20070302
852 _aNLR
_j17.163.5.42-4
942 _cBOOK
980 _aA1SV
980 _aNB